Countries That End in 'Y' - Statistics

General Stats
  • This quiz has been taken 389 times
  • The average score is 6 of 8
Answer Stats
Country % Correct
Paraguay
88%
Uruguay
88%
Italy
85%
Germany
83%
Hungary
80%
Norway
75%
Turkey
69%
Vatican City
53%
No matching quizzes found
Score Distribution
Percent of People with Each Score
Percentile by Number Answered
Your Score History
You have not taken this quiz